000 00582nam#a2200229#c#4500
003 IEF
005 20180219150452.0
008 941205s1975 uuu####fr####| 0||u| |u
040 _aIEF
100 1 _aRomeo, Rosario
_938295
245 _aBreve storia della grande industria in Italia, 1861-1961
250 _a4ยช ed.
260 _a[Bologna]
_b Capelli
_c1975
300 _a442 p.
_c19 cm
500 _aContiene indices y bibliografia
650 4 _aINDUSTRIA
_947463
650 4 _aITALIA
_947518
650 4 _aSIGLO XX
_948420
942 _cLIB
942 _z29337
999 _c7775
_d7775